Rhymes With Pay - Statistics

General Stats
  • This quiz has been taken 379 times
  • The average score is 18 of 20
Answer Stats
Hint Answer % Correct
B Bay
100%
H Hay
99%
H Hey
99%
L Lay
99%
D Day
98%
M May
98%
G Gay
96%
J Jay
96%
P Play
93%
P Pray
93%
G Gray
92%
C Clay
90%
F Flay
88%
F Fray
87%
Q Quay
84%
N Neigh
81%
L Lei
75%
W Weigh
73%
P Prey
63%
S Sleigh
57%
No matching quizzes found
Score Distribution
Percent of People with Each Score
Percentile by Number Answered
Your Score History
You have not taken this quiz